NLSUI OPAC header image

The judicial process : (Record no. 112790)

MARC details
000 -LEADER
fixed length control field 01288cam a22002654a 4500
001 - CONTROL NUMBER
control field 14191778
003 - CONTROL NUMBER IDENTIFIER
control field OSt
005 - DATE AND TIME OF LATEST TRANSACTION
control field 20260216111158.0
008 - FIXED-LENGTH DATA ELEMENTS--GENERAL INFORMATION
fixed length control field 051207s2005 enk b 001 0 eng
010 ## - LIBRARY OF CONGRESS CONTROL NUMBER
LC control number 2005284452
020 ## - INTERNATIONAL STANDARD BOOK NUMBER
International Standard Book Number 9780521855662
040 ## - CATALOGING SOURCE
Original cataloging agency DLC
Transcribing agency DLC
Modifying agency DLC
042 ## - AUTHENTICATION CODE
Authentication code pcc
082 ## - DEWEY DECIMAL CLASSIFICATION NUMBER
Classification number 347.01 THO
100 ## - MAIN ENTRY--PERSONAL NAME
Personal name Thomas, E. W.
245 14 - TITLE STATEMENT
Title The judicial process :
Remainder of title realism, pragmatism, practical reasoning, and principles /
Statement of responsibility, etc. E.W. Thomas.
260 ## - PUBLICATION, DISTRIBUTION, ETC.
Place of publication, distribution, etc. Cambridge :
Name of publisher, distributor, etc. Cambridge University Press,
Date of publication, distribution, etc. 2006.
300 ## - PHYSICAL DESCRIPTION
Extent xxvi, 414 p. ;
Dimensions 25 cm.
505 ## - FORMATTED CONTENTS NOTE
Formatted contents note Introduction; Muddling along; The curse of formalism; Legal fundamentalism; The idolatry of certainty; The piety of precedent; The foibles of precedent – a case study; There is no impersonal law; So, what is the law?; The constraints on the judiciary; Towards a new judicial methodology; Of realism and pragmatism; Of practical reasoning and principles; Taking law seriously; A theory of ameliorative justice.
650 #0 - SUBJECT ADDED ENTRY--TOPICAL TERM
Topical term or geographic name entry element Judicial process.
856 41 - ELECTRONIC LOCATION AND ACCESS
Materials specified Table of contents
Uniform Resource Identifier <a href="http://www.loc.gov/catdir/enhancements/fy0632/2005284452-t.html">http://www.loc.gov/catdir/enhancements/fy0632/2005284452-t.html</a>
906 ## - LOCAL DATA ELEMENT F, LDF (RLIN)
a 7
b cbc
c orignew
d 2
e ncip
f 20
g y-gencatlg
942 ## - ADDED ENTRY ELEMENTS (KOHA)
Source of classification or shelving scheme Dewey Decimal Classification
Koha item type BOOKs
Holdings
Withdrawn status Lost status Damaged status Not for loan Home library Current library Shelving location Date acquired Cost, normal purchase price Total Checkouts Full call number Barcode Date last seen Price effective from Koha item type Source of classification or shelving scheme Materials specified (bound volume or other part) Source of acquisition Public note
        . .   30.05.2017 4438.00   347.01 THO 21845 30.05.2017 30.05.2017 BOOKs        
        . .   06.03.2018 4438.00   347.01 THO-2 35919 06.03.2019 06.03.2019 BOOKs Dewey Decimal Classification HB Gratis Donated By Prof D K Sampath